000 00364 a2200157 4500
001 50121
040 _cAnchieta - Bela Vista
100 _aAnchietinha Itaigara
240 1 0 _aUm vulcão de aventuras
_lpor
245 1 0 _aUm vulcão de aventuras
300 _a33
362 0 _a2017
440 1 _aAnchietinha Itaigara
650 4 _aLiteratura juvenil
942 _cBK
999 _c50121
_d50121